<?xml version="1.0" encoding="UTF-8"?><marc:collection xmlns:marc="http://www.loc.gov/MARC21/slim">
  <marc:record>
    <marc:leader>00000nam##2200000za#4500</marc:leader>
    <marc:controlfield tag="001">9.666106</marc:controlfield>
    <marc:controlfield tag="003">CaOODSP</marc:controlfield>
    <marc:controlfield tag="005">20210615122633</marc:controlfield>
    <marc:controlfield tag="007">ta</marc:controlfield>
    <marc:controlfield tag="008">150407|2004||||xxc|||||     f|0| 0 fre|d</marc:controlfield>
    <marc:datafield tag="040" ind1=" " ind2=" ">
      <marc:subfield code="a">CaOODSP</marc:subfield>
      <marc:subfield code="b">fre</marc:subfield>
    </marc:datafield>
    <marc:datafield tag="041" ind1=" " ind2=" ">
      <marc:subfield code="a">eng</marc:subfield>
    </marc:datafield>
    <marc:datafield tag="041" ind1=" " ind2=" ">
      <marc:subfield code="a">fre</marc:subfield>
    </marc:datafield>
    <marc:datafield tag="043" ind1=" " ind2=" ">
      <marc:subfield code="a">n-cn---</marc:subfield>
    </marc:datafield>
    <marc:datafield tag="086" ind1="1" ind2=" ">
      <marc:subfield code="a">PH4-15/2004</marc:subfield>
    </marc:datafield>
    <marc:datafield tag="110" ind1="1" ind2=" ">
      <marc:subfield code="a">Canada.</marc:subfield>
      <marc:subfield code="b">Projet de recherche sur les politiques.</marc:subfield>
    </marc:datafield>
    <marc:datafield tag="245" ind1="1" ind2="4">
      <marc:subfield code="a">Une approche fondée sur les parcours de vie pour l'analyse de la politique sociale : </marc:subfield>
      <marc:subfield code="b">cadre proposé de politique et d'analyse </marc:subfield>
    </marc:datafield>
    <marc:datafield tag="246" ind1="1" ind2=" ">
      <marc:subfield code="i">Sous-titre imprimé sur la couverture : </marc:subfield>
      <marc:subfield code="a">cadre proposé de politique et d'analyse - document de discussion</marc:subfield>
    </marc:datafield>
    <marc:datafield tag="260" ind1=" " ind2=" ">
      <marc:subfield code="a">Ottawa - Ontario : </marc:subfield>
      <marc:subfield code="b">Projet de recherche sur les politiques </marc:subfield>
      <marc:subfield code="c">2004.</marc:subfield>
    </marc:datafield>
    <marc:datafield tag="300" ind1=" " ind2=" ">
      <marc:subfield code="a">Texte français, 48p. : </marc:subfield>
      <marc:subfield code="b">figures en couleur, références ; </marc:subfield>
      <marc:subfield code="c">28 cm.</marc:subfield>
    </marc:datafield>
    <marc:datafield tag="500" ind1=" " ind2=" ">
      <marc:subfield code="a">«Projet du PRP: Vieillissement de la population et flexibilité des parcours de vie»--Couverture. «Cette étude à l'état d'ébauche est fondée sur les travaux qui ont été faits dans le contexte de trois projets interministériels de recherche sur les politiques menés par le Projet de recherche sur les politiques (PRP). Il s'agit de Nouvelles approches en matière de pauvreté et d'exclusion, Vieillissement de la population et flexibilité des parcours de vie et Le Capital social comme instrument de politique publique.»--Page [1].</marc:subfield>
    </marc:datafield>
    <marc:datafield tag="520" ind1="3" ind2=" ">
      <marc:subfield code="a">Cet article propose un cadre analytique pour décrire les objectifs et les résultats des politiques sociales. Il donne à penser qu'une approche fondée sur le parcours de vie, axée sur les trajectoires des individus tout au long de leur vie, est la base nécessaire pour l'établissement du cadre en question. Le cadre proposé vise à fournir une façon de conceptualiser la relation entre les individus et la société qui est cohérente avec les écoles de pensée sur la politique sociale. Il représenterait également un outil politique pratique menant à l'élaboration de politiques sociales vraiment fondées sur les preuves.</marc:subfield>
    </marc:datafield>
    <marc:datafield tag="563" ind1=" " ind2=" ">
      <marc:subfield code="a">Reliure à spirale</marc:subfield>
    </marc:datafield>
    <marc:datafield tag="590" ind1=" " ind2=" ">
      <marc:subfield code="a">05-01</marc:subfield>
      <marc:subfield code="b">2005-01-07</marc:subfield>
    </marc:datafield>
    <marc:datafield tag="691" ind1="0" ind2="7">
      <marc:subfield code="a">Politique sociale</marc:subfield>
      <marc:subfield code="2">gcpds</marc:subfield>
    </marc:datafield>
    <marc:datafield tag="691" ind1="0" ind2="7">
      <marc:subfield code="a">Population</marc:subfield>
      <marc:subfield code="2">gcpds</marc:subfield>
    </marc:datafield>
    <marc:datafield tag="691" ind1="0" ind2="7">
      <marc:subfield code="a">Vieillissement</marc:subfield>
      <marc:subfield code="2">gcpds</marc:subfield>
    </marc:datafield>
    <marc:datafield tag="776" ind1="0" ind2="#">
      <marc:subfield code="t">Une approche fondée sur les parcours de vie pour l'analyse de la politique sociale : </marc:subfield>
      <marc:subfield code="w">(CaOODSP)9.631767</marc:subfield>
    </marc:datafield>
    <marc:datafield tag="776" ind1="0" ind2="#">
      <marc:subfield code="t">A life-course approach to social policy analysis : </marc:subfield>
      <marc:subfield code="w">(CaOODSP)9.687313</marc:subfield>
    </marc:datafield>
    <marc:datafield tag="791" ind1=" " ind2=" ">
      <marc:subfield code="t">A life-course approach to social policy analysis : </marc:subfield>
      <marc:subfield code="e">eng</marc:subfield>
      <marc:subfield code="w">(CaOODSP)9.666105</marc:subfield>
    </marc:datafield>
  </marc:record>
</marc:collection>
